| Virtuální polytechnická knihovna - Souborný katalog - Úplný záznam dokumentu - MARC |
Uživatel: --- |
-----nas 22-----zu 4500
001 SKVPK0031910
003 CZ-VPK
005 20260424135436.0
008 260424u1978uuuu||||| | ||| || |||||||
022 $a0140-4067
040 $aABA013$bcze
222 0$aNuclear energy : journal of the British Nuclear Energy Society
245 00$aNuclear energy : journal of the British Nuclear Energy Society
260 $aVelká Británie :$b London : British Nuclear Energy Society, 2004,$c1978-
650 07$afyzika$xfy$2psh
780 00$tNuclear engineer$x0007-1587
780 00$tNuclear future$x1745-2058
780 00$tJournal of the British Nuclear Energy Society$x0007-1587
910 $aABA013$r1978-1983
| čtvrtek 14.05.2026 01:20:56 |
© 2001-2015 Národní technická knihovna |
[Virtuální polytechnická knihovna]
[Servisní centrum]
[Souborný katalog]